| 000 | 02024cam a2200301 i 4500 | ||
|---|---|---|---|
| 001 | 114127 | ||
| 003 | DR-UNIBE | ||
| 005 | 20251001151331.0 | ||
| 008 | 211202s2023 vp a b 001 0 eng | ||
| 020 |
_a9780367610043 _q(paperback) |
||
| 040 |
_aDLC _beng _erda _cDLC _dBIBLIOTECA UNIBE |
||
| 041 | _aeng | ||
| 082 | 0 | 0 |
_a394.2068 E93m 2023 _223 |
| 245 | 1 | 0 |
_aEvents management : _ban introduction / _cCharles Bladen [y otros tres] |
| 250 | _aTercera edición | ||
| 260 |
_aLondon ; _aNew York, NY : _bRoutledge, Taylor & Francis Group, _c2023 |
||
| 300 |
_axxiii, 465 páginas : _bilustraciones |
||
| 504 | _aIncluye referencias bibliográficas e índice. | ||
| 505 | _aIntroduction to events management | Event project management : feasibility, planning, delivery and evaluation | Event design and production | Event operations | Event human resource management | Event finance | Event marketing | Event law, health, safety and risk management | Sporting events | Mega-events | Events in the public and third sectors | Business events | Cultural events and festivals | Event impacts and sustainability | Events and the media. | ||
| 520 |
_a"Contemporary events management is a diverse and challenging field. This introductory textbook fully explores the multidisciplinary nature of events management and provides the student with all the practical skills and professional knowledge they need to succeed in the events industry. Written by a team of authors with many years' experience of working in the events industry, Events Management: An Introduction is the essential course text for any events management programme"-- _cProvided by publisher. |
||
| 653 | 0 | 0 | _aEventos especiales -- Administración |
| 653 | 0 | 0 | _a Actividades sociales -- Administración |
| 700 |
_aBladen, Charles _9199514 _eautor |
||
| 700 | 1 |
_aKennell, James, _eautor _9199516 |
|
| 700 | 1 |
_aAbson, Emma, _eautor _9199517 |
|
| 700 | 1 |
_aWilde, Nick, _eautor _9199518 |
|
| 942 |
_2ddc _cBK |
||
| 999 |
_c114127 _d114127 |
||